Clásicos de la literatura penal en Chile: la revista de ciencias penales en el siglo XX, 1935-1995
Bewaard in:
| Hoofdauteur: | |
|---|---|
| Andere auteurs: | |
| Formaat: | Boek |
| Taal: | Spaans |
| Gepubliceerd in: |
Valencia
Tirant Lo Blanch
2018
Santiago Instituto de Ciencias Penales 2018 |
| Editie: | 1a. ed |
| Onderwerpen: | |
| Tags: |
Voeg label toe
Geen labels, Wees de eerste die dit record labelt!
|
MARC
| LEADER | 00000cam a2200000 a 4500 | ||
|---|---|---|---|
| 001 | UCC6846 | ||
| 003 | CL-VaPUC | ||
| 008 | 190111e20180000sp |||||||||||||||||spa|d | ||
| 020 | |a 9788491691310o.c | ||
| 020 | |a 9788491692775t.1 | ||
| 020 | |a 9788491690528t.2 | ||
| 082 | 0 | 4 | |a 345 |b LON |2 21 |
| 100 | |a Londoño Martínez, Fernando |e autor |9 601370 | ||
| 700 | |a Maldonado Fuentes, Francisco |e autor |9 601371 | ||
| 245 | 1 | 0 | |a Clásicos de la literatura penal en Chile: la revista de ciencias penales en el siglo XX, 1935-1995 |
| 250 | |a 1a. ed | ||
| 300 | |a 2 t | ||
| 942 | |c BK | ||
| 945 | |d 20190111 14:04:00 |a dcastane | ||
| 260 | |a Valencia |b Tirant Lo Blanch |c 2018 | ||
| 260 | |a Santiago |b Instituto de Ciencias Penales |c 2018 | ||
| 500 | |a t.1: 1935-1960 | ||
| 500 | |a t.2: 1961-1995 | ||
| 650 | 7 | |a DERECHO PENAL |2 CL-VaPUC |9 11 | |
| 650 | 7 | |a FUENTES DEL DERECHO PENAL |2 CL-VaPUC |9 460489 | |
| 583 | |a last modification |c 20190111 14:04:00 |k Rodrigo Vera | ||
| 999 | |c 373696 |d 373694 | ||
| 952 | |0 0 |1 0 |2 ddc |3 erb |4 0 |6 345_000000000000000_LON_2018 |7 0 |8 A |9 491907 |a BIBDER |b BIBDER |h t.1 |i 5528895 |l 3 |o 345 LON 2018 |p 5528895 |r 2024-10-30 |s 2024-10-30 |w 2019-11-24 |y BK |z Catalogado en:20190111 |k DER | ||
| 952 | |0 0 |1 0 |2 ddc |3 erb |4 0 |6 345_000000000000000_LON_2018 |7 0 |8 A |9 491908 |a BIBDER |b BIBDER |h t.2 |i 5528909 |l 4 |o 345 LON 2018 |p 5528909 |r 2024-10-30 |s 2024-10-30 |w 2019-11-24 |y BK |z Catalogado en:20190111 |k DER | ||